书目信息 |
| 题名: |
中医二科学
|
|
| 作者: | 王伯岳 主编 | |
| 分册: | ||
| 出版信息: | 人民卫生出版社出版 1984 |
|
| 页数: | 924页 | |
| 开本: | 20cm | |
| 丛书名: | ||
| 单 册: | ||
| 中图分类: | R272 | |
| 科图分类: | ||
| 主题词: | 中医儿科学 | |
| 电子资源: | ||
| ISBN: | ||
| 000 | 00488nam0 2200181 450 | |
| 001 | 1532575964 | |
| 005 | 20150131090542.59 | |
| 010 | @dCNY6.65 | |
| 100 | @a20150131d1984 km y0chiy0120 ea | |
| 101 | 0 | @achi |
| 200 | 1 | @a中医二科学@Azhong yi er ke xue@f王伯岳主编@Fwang bo yue zhu bian |
| 210 | @c人民卫生出版社出版@d1984 | |
| 215 | @a924页@d20cm | |
| 606 | 0 | @a中医儿科学 |
| 690 | @aR272@v4 | |
| 701 | 0 | @a王伯岳@Awang bo yue@4主编 |
| 801 | 0 | @aCN@bTSSF@c20150131 |
| 905 | @aZUCC@dR272@eJY154 | |
| 中医二科学/王伯岳主编.-人民卫生出版社出版,1984 |
| 924页;20cm |
| ISBN :CNY6.65 |
| ● |
| 相关链接 |
|
|
|
|
正题名:中医二科学
索取号:R272/JY154
 
预约/预借
| 序号 | 登录号 | 条形码 | 馆藏地/架位号 | 状态 | 备注 |
| 1 | 7864883 | 278648830 | 学院路分馆/ [索取号:R272/JY154] | 在馆 |